Risaralda futuro posible : (Registro nro. 8230)

Detalles MARC
000 -CABECERA
Campo de control 00997nam a22002297a 4500
005 - FECHA Y HORA DE LA ULTIMA TRANSACCION
Campo de control 20140305114618.0
008 - ELEMENTOS DE LONGITUD FIJA—INFORMACION GENERAL
Campo de control 140305b2011 ck ||||| ||||a00| 0 spa d
022 ## - ISSN
ISSN 22561854
041 ## - IDIOMA
Código de idioma para texto/pista de sonido o título separado Español
044 ## - PAÍS DE PUBLICACIÓN
País de publicación Colombia
082 ## - NUMERO DE CLASIFICACION DECIMAL DEWEY
Número de clasificación 338.986
Número del ítem R59r
110 1# - ASIENTO PRINCIPAL--NOMBRE CORPORATIVO
Nombre corporativo o de jurisdicción como elemento de entrada aColombia
Unidad subordinad Departamento Nacional de Planeación
245 10 - MENCION DE TITULO
Título Risaralda futuro posible :
Parte restante del título construcción social visión 2032 /
Mención de responsabilidad Departamento Nacional de Planeación
260 ## - PUBLICACION, DISTRIBUCION, ETC. (PIE DE IMPRENTA)
Lugar de publicación, distribución, etc. Bogotá
Nombre del editor, distribuidor, etc. Departamento Nacional de Planeación
-- Gobernación de de Risaralda
Fecha de publicación, distribución, etc. 2011
300 ## - DESCRIPCION FISICA
Extensión 243 p.
Otros detalles físicos il., mapas
Dimensiones 27 cm.
490 0# - MENCION DE SERIE
Mención de serie Visión de desarrollo territorial departamental
Designación numérica/secuencial del volumen 8
650 #4 - ASIENTO SECUNDARIO DE MATERIA - TERMINO TEMATICO
Término temático o nombre geográfico como elemento de entrada Desarrollo económico
Subdivisión cronológica 2000-2009
Subdivisión geográfica Risaralda (Colombia)
650 #4 - ASIENTO SECUNDARIO DE MATERIA - TERMINO TEMATICO
Término temático o nombre geográfico como elemento de entrada Planificación regional
Subdivisión cronológica 2000-2009
Subdivisión geográfica Risaralda (Colombia)
650 #4 - ASIENTO SECUNDARIO DE MATERIA - TERMINO TEMATICO
Término temático o nombre geográfico como elemento de entrada Conservación de los recursos naturales
Subdivisión cronológica 2000-2009
Subdivisión geográfica Risaralda (Colombia)
651 #4 - ASIENTO SECUNDARIO DE MATERIA - NOMBRE GEOGRAFICO
Nombre geográfico Risaralda (Colombia)
Subdivisión general Condiciones socioeconómicas
Subdivisión cronológica 2000-2009
942 ## - ELEMENTOS ADICIONALES (KOHA)
Sistema de clasificación Dewey Decimal Classification
Tipo de ítem Impreso
Existencias
Withdrawn status Lost status Sistema de Clasificación Damaged status No para préstamo Colección Inventariado Ubicación Permanente Ubicación actual Fecha de adquisición Fuente de Valor Valor Total Checkouts Número topográfico Inventario / Código de Barras Date last seen Ejemplar Price effective from Forma de adquisición Tipo de material
    Dewey Decimal Classification     General Inventariado 2017 Bogotá Bogotá 05/03/2014 Instituto 39000.00   LB-338.986 R59r 034054 05/03/2014 Ej. 1 05/03/2014 Canje Libro